El Santísimo Sacramento o las obras y las vías de Dios: continuación de la obra titulada Todo por Jesús
Bewaard in:
| Hoofdauteur: | |
|---|---|
| Formaat: | Boek |
| Taal: | Spaans |
| Gepubliceerd in: |
Madrid
Leocadio López
1895
|
| Editie: | 3a. ed |
| Onderwerpen: | |
| Tags: |
Voeg label toe
Geen labels, Wees de eerste die dit record labelt!
|
MARC
| LEADER | 00000cam a2200000 a 4500 | ||
|---|---|---|---|
| 001 | UCD1663 | ||
| 003 | CL-VaPUC | ||
| 008 | 160324e18950000sp |||||||||||||||||spa|d | ||
| 082 | 0 | 4 | |a 230 |b FAB |2 21 |
| 100 | |a Faber, Federico Guillermo |e author |9 583310 | ||
| 245 | 1 | 3 | |a El Santísimo Sacramento o las obras y las vías de Dios: continuación de la obra titulada Todo por Jesús |
| 250 | |a 3a. ed | ||
| 300 | |a 462 p | ||
| 942 | |c BK | ||
| 945 | |d 20160324 12:59:00 |a dcastane | ||
| 260 | |a Madrid |b Leocadio López |c 1895 | ||
| 650 | 0 | |a Cristología |9 315091 | |
| 650 | 0 | |a Cristianismo |9 257361 | |
| 650 | 0 | |a Sacramentos |9 257270 | |
| 583 | |a last modification |c 20160324 12:59:00 |k Rodrigo Vera | ||
| 999 | |c 362934 |d 362932 | ||
| 952 | |0 0 |1 0 |3 erd |4 0 |6 230_000000000000000_FAB_1895 |7 0 |8 X |9 474552 |a BIBTEO |b BIBTEO |c TEO_FFR |i 5277531 |o 230 FAB 1895 |p 5277531 |r 2024-01-18 |w 2019-11-24 |y BK_X |z Catalogado en:20160324 |k ICR | ||